LEADER 01358nam a2200313 u 4500 001 000000029703 003 CaOOAMICUS 005 20070226111939.0 008 970521s1996 sp u000 u spa u 020 $a847768071X 035 $a10762196 040 $aIPA$bita 100 1 $aHervás, José Luis.$0(OLS)http://pul/name/24016 245 10$aEntrañados en Cristo :$bla mística teológica de Fray Luis de León /$cJosé Luis Hervás. 260 $aPamplona :$bEdiciones Eunate,$c1996. 300 $a378 p. ;$c24 cm 490 1 $aColección teológica ;$v87 502 $aDiss. -- Universidad de Navarra. 504 $aBibliografia: p. 365-378. 600 14$aLeón, Luis de,$cO.E.S.A.,$d1528?-1591.$0(OLS)http://pul/subject/17035 710 2 $aUniversidad de Navarra.$bFacultad de Teología.$0(OLS)http://pul/name/23554 830 0$aColección teológica ;$v87.$0(OLS)http://pul/title/11500 850 $aPUL 852 $aPUL$W1$xDP1 Tesi Varie$y51$mTH VAR 80$j41112$nBK-PRI$b $qTesi$B41112$CPULBib$Z2$F41112 $H $81 941 1 $a16 961 $aINV: 83040 996 $6020$a847768071X$9(OLS)http://pul/number/37248 996 $6245$aEntrañados en Cristo :$bla mística teológica de Fray Luis de León$9(OLS)http://pul/title/40700 996 $6260$aPamplona :$bEdiciones Eunate$9(OLS)http://pul/publisher/60252 LEADER 01875nam a2200349 u 4500 001 000000032537 003 CaOOAMICUS 005 20070226112249.0 008 971021s1996 vc u000 u ita u 035 $a10773506 040 $aBAV$bita$dPUL(R) 110 2 $aCongregazione per la dottrina della fede.$0(OLS)http://pul/name/3881 245 10$aDall'"Inter insigniores" all'"Ordinatio sacerdotalis" :$bdocumenti e commenti /$cCongregazione per la dottrina della fede ; prefazione S.E. Mons. Tarcisio Bertone ; introduzione S.Em. il Cardinale Joseph Ratzinger ; commenti H.U. von Balthasar ... [et al.]. 260 $aCittà del Vaticano :$bLibreria editrice vaticana,$c1996. 300 $a214 p. ;$c21 cm 490 1 $aDocumenti e studi (Libreria editrice vaticana) ;$v6 700 1 $aBalthasar, Hans Urs von,$ccardinale,$d1905-1988.$0(OLS)http://pul/name/1429 700 0 $aBenedictus PP.$bXVI,$d1927-2022.$0(OLS)http://pul/name/14991 700 1 $aBertone, Tarcisio,$ccard.,$d1934-$0(OLS)http://pul/name/12663 830 0$aDocumenti e studi (Libreria editrice vaticana) ;$v6.$0(OLS)http://pul/title/5461 850 $aPUL 852 $aPUL$W1$xDP1 Altre Collocazioni$y17$mSenza collocazione$j12$nBK-PRI$b $qStampati$B44837$CPULBib$Z2$F44837 $H $81 900 $aRatzinger, Joseph,$ccard.,$d1927-2022$914991 900 $aBenedetto XVI,$cpapa,$d1927-$914991 910 $aSant'Uffizio$93881 910 $aCongregatio pro doctrina fidei$93881 910 $aPapi (2005-2013 : Benedictus PP. XVI)$914991 910 $aPapi (2005-2013 : Benedictus PP. XVI)$914991 941 1 $a8 961 $aINV: 1235 996 $6245$aDall'"Inter insigniores" all'"Ordinatio sacerdotalis" :$bdocumenti e commenti$9(OLS)http://pul/title/44860 996 $6260$aCittà del Vaticano :$bLibreria editrice vaticana$9(OLS)http://pul/publisher/47920 LEADER 01349nam a2200313 a 4500 001 000000167420 003 CaOOAMICUS 005 20240412095919.0 008 180427s1994 it u000 u ita r 020 $a88-420-4548-9* 032 $aLibriCat 040 $aPUL$bita 041 1 $aita$heng 100 0 $aNivedita ,$cSister,$d1867-1911.$0(OLS)http://pul/name/107912 240 10$aMyths of the Hindus & Buddhists.$lItaliano.$0(OLS)http://pul/title/207454 245 10$aMiti dell'India e del buddhismo / $csuor Nivedita e Ananda Kumarasvami . 260 $aBari ; Roma :$bGius. Laterza & figli,$c1994. 300 $aVIII, 272 p. ;$c21 cm. 490 1 $aEconomica Laterza ;$v39 650 4$aMitologia indiana.$0(OLS)http://pul/subject/29633 700 1 $aCoomaraswamy, Ananda Kentish,$d1887-1947.$0(OLS)http://pul/name/46688 830 0$aEconomica Laterza ;$v39.$0(OLS)http://pul/title/39309 850 $aPUL 852 $aPUL$W1$xDP1 Fondo Dalla Palma$y117$m3 A 90$j162760$qFondi$B194988$CPULBib$Z2$F194988 $HDal2083 $81 941 1 $a1 996 $6020$a88-420-4548-9*$9(OLS)http://pul/number/163883 996 $6245$aMiti dell'India e del buddhismo / $9(OLS)http://pul/title/207455 996 $6260$aBari ; Roma :$bGius. Laterza & figli$9(OLS)http://pul/publisher/81307